Southville International School and Colleges
Your cart is empty.
  • Cart
  • Lists
    Public lists Eva Luna New books Lux_list list_1
    Your lists Log in to create your own lists
  • Log in to your account
  • Your cookies
  • Search history
Southville International School and Colleges
  • Advanced search
  • Recent comments
  • Most popular
  • Libraries

Log in to your account

Log in with GOOGLE


If you do not have an external account, but do have a local account, you can still log in:

  1. Home
  2. MARC view: Fundamentals of meal management /
Normal view MARC view ISBD view

Fundamentals of meal management / (Record no. 14762)

[ view plain ]
MARC details
000 -LEADER
fixed length control field 00590nam a22002057a 4500
003 - CONTROL NUMBER IDENTIFIER
control field PILC
005 - DATE AND TIME OF LATEST TRANSACTION
control field 20150112093441.0
008 - FIXED-LENGTH DATA ELEMENTS--GENERAL INFORMATION
fixed length control field 130227t xxu||||| |||| 00| 0 eng d
020 ## - INTERNATIONAL STANDARD BOOK NUMBER
International Standard Book Number 9789810698874
050 ## - LIBRARY OF CONGRESS CALL NUMBER
Classification number TX 820
Item number .M478 2009
100 ## - MAIN ENTRY--PERSONAL NAME
Personal name McWilliams, Margaret.
245 ## - TITLE STATEMENT
Title Fundamentals of meal management /
Statement of responsibility, etc Margaret McWilliams
250 ## - EDITION STATEMENT
Edition statement 5th ed.
260 ## - PUBLICATION, DISTRIBUTION, ETC. (IMPRINT)
Place of publication, distribution, etc Jurong, Singapore :
Name of publisher, distributor, etc Pearson Education South Asia,
-- yz2009.
300 ## - PHYSICAL DESCRIPTION
Extent 326 pages :
Other physical details illustration ;
Dimensions 25 cm.
650 ## - SUBJECT ADDED ENTRY--TOPICAL TERM
Topical term or geographic name as entry element Food.
650 ## - SUBJECT ADDED ENTRY--TOPICAL TERM
Topical term or geographic name as entry element Grocery shopping.
650 ## - SUBJECT ADDED ENTRY--TOPICAL TERM
Topical term or geographic name as entry element Nutrition.
942 ## - ADDED ENTRY ELEMENTS (KOHA)
Source of classification or shelving scheme Library of Congress Classification
Koha item type Books
Holdings
Withdrawn status Lost status Source of classification or shelving scheme Damaged status Home library Current library Shelving location Date acquired Total Checkouts Full call number Barcode Date last seen Copy number Price effective from Koha item type
    Library of Congress Classification   College Library College Library General Circulation Section 08/15/2011   TX 354 .M478 2009 C12337 05/15/2018 1 11/14/2013 Books
    Library of Congress Classification   College Library College Library General Circulation Section 10/25/2013   TX 354 .M478 2009 C12336 05/15/2018 2 10/25/2013 Books
    Library of Congress Classification   College Library College Library General Circulation Section 10/25/2013   TX 354 .M478 2009 C11182 05/15/2018 3 10/25/2013 Books
    Library of Congress Classification   Southville International School Affiliated with Foreign Universities Library Southville International School Affiliated with Foreign Universities Library Southville Foreign University Section 09/13/2013   TX 820 .M478 2009 SFU1620 05/15/2018 1 09/13/2013 Books

Fundamentals of meal management /

APA

McWilliams M., .Fundamentals of meal management. Jurong, Singapore: Pearson Education South Asia.

Chicago

McWilliams Margaret, .Fundamentals of meal management. Jurong, Singapore: Pearson Education South Asia.

Harvard

McWilliams M., .Fundamentals of meal management. Jurong, Singapore: Pearson Education South Asia.

MLA

McWilliams Margaret, .Jurong, Singapore: Pearson Education South Asia. .

  • Place hold
  • Print
  • Cite
  • Add to your cart (remove)
  • Save record
    BIBTEX Dublin Core MARCXML MARC (non-Unicode/MARC-8) MARC (Unicode/UTF-8) MARC (Unicode/UTF-8, Standard) MODS (XML) RIS
  • More searches
    Search for this title in:
    Other Libraries (WorldCat) Other Databases (Google Scholar) Online Stores (Bookfinder.com) Open Library (openlibrary.org)

Exporting to Dublin Core...

SOUTHVILLE LIBRARY

Southville International School and Colleges Library

1281 Tropical Ave. Cor. Luxembourg St., BF Homes International, Las Pinas City

Tel. No. 8256374 / 252358 Loc. 117/146

Powered by Koha